000 00425nam a22001817a 4500
005 20180208112833.0
008 160622b xxu||||| |||| 00| 0 eng d
020 _a0-07-463274-4
041 _aeng
082 _b9032
_a005.7585
100 _aMuller, Robert J
_92508
245 _aOracle Developer/2000, Hand book
250 _a2nd ed.
260 _bTMH
_c1999
300 _a673
650 _aManagement
_9241
942 _cBK
999 _c3565
_d3564